000 00706nam a2200217Ii 4500
003 JO-AjNU
008 230605s9999||||xx |||||||||||||| ||und||
017 _a1993/5641
020 _a977-211-047-1
040 _aJO-AjNU
_bara
_erda
_cJO-AjNU
041 _aara
050 1 4 _aAC106.1993
100 3 _aالاسكندراني،أيمن,
_eauthor
_919544
245 0 0 _aاختبر معلوماتك الفلكية :ثقافة-متعة-اثارة
264 3 1 _aالقاهرة:مكتبة ابن سينا،1993
300 _a128ص
_bصور توضيحية
336 _atext
_btxt
_2rdacontent
337 _aunmediated
_bn
_2rdamedia
338 _avolume
_bnc
_2rdacarrier
650 4 _aمعارف عامة
_919545
999 _aA6468
_c10036
_d10036